[Event "EU-ch 12th"]
[Site "Aix les Bains"]
[Date "2011.03.22"]
[Round "1"]
[White "Fedorchuk, Sergey A"]
[Black "Petre, Nad Titus"]
[Result "1-0"]
[WhiteElo "2662"]
[BlackElo "2377"]
[Annotator "Marchand,A/Primel,D"]
[PlyCount "35"]
[EventDate "2011.03.22"]
[EventType "swiss"]
[EventRounds "11"]
[EventCountry "FRA"]
[SourceTitle "CBM 142 Extra"]
[Source "ChessBase"]
[SourceDate "2011.06.27"]
[SourceVersion "1"]
[SourceVersionDate "2011.06.27"]
[SourceQuality "1"]
[TimeControl "40/5400+30:1800+30"]

1. e4 c5 2. Nf3 e6 3. d4 cxd4 4. Nxd4 a6 5. Be2 Nf6 6. Nc3 Qc7 7. O-O Nc6 8.
Be3 Be7 9. f4 d6 10. Kh1 O-O 11. Qe1 (11. a4 Re8 12. Bf3 Rb8 13. g4 Nxd4 14.
Bxd4 e5) 11... Nxd4 12. Bxd4 b5 13. a3 Bb7 (13... Nd7) 14. Qg3 Rad8 (14... Bc6)
15. Bd3 ({RR} 15. Rae1 Rd7 16. Bd3 Re8 17. Nd1 Qd8 18. Qh3 Bf8 19. Qh4 e5 20.
Bc3 Re6 21. fxe5 dxe5 22. Nf2 Bc5 23. Ng4 Nxg4 24. Qxg4 Bd4 25. Bxd4 Rxd4 26.
Re3 Rg6 27. Qe2 Bc8 28. Qf2 Rf6 29. Rf3 Rxf3 {Areshchenko,A (2664)-Rublevsky,S
(2697)/Khanty Mansiysk 2009/CBM 134/1/2-1/2 (62)}) 15... Rd7 16. Rf3 $1 $146 {
[%cal Gf3h3]} (16. Rae1 Re8 {Anand,V (2803)-Ivanchuk,V (2740) Leon 21st rapid
2008 (2.1) 0-1}) 16... Ne8 $6 (16... g6 17. f5 $36 {[%csl Gd4]}) (16... Rc8 {
[%cal Gg8f8]}) 17. Qh3 g6 $2 (17... f5) 18. Qxh7+ $1 {[%csl Gd4][%cal Gf3h3]}
1-0

[Event "Lippstadt 12th"]
[Site "Lippstadt"]
[Date "2004.07.29"]
[Round "6"]
[White "Wehmeier, Stefan"]
[Black "Schenk, Andreas"]
[Result "0-1"]
[WhiteElo "2364"]
[BlackElo "2483"]
[Annotator "Marin,M"]
[PlyCount "115"]
[EventDate "2004.07.24"]
[EventType "tourn"]
[EventRounds "9"]
[EventCountry "GER"]
[EventCategory "10"]
[SourceTitle "CBM 103"]
[Source "ChessBase"]
[SourceDate "2004.11.11"]
[SourceVersion "1"]
[SourceVersionDate "2004.11.11"]
[SourceQuality "1"]

1. e4 c5 2. Nf3 d6 3. d4 cxd4 4. Nxd4 Nf6 5. Nc3 a6 6. Be3 e6 7. Be2 Be7 8. O-O
O-O 9. f4 Nc6 10. Qe1 Nxd4 11. Bxd4 b5 12. a3 Bb7 13. Qg3 g6 14. Bd3 Rc8 15. e5
dxe5 16. Bxe5 Nd7 17. Rad1 Nxe5 18. fxe5 Qd4+ 19. Kh1 Qh4 20. Qxh4 Bxh4 21. a4
b4 22. Ne4 Bxe4 23. Bxe4 {The chronic weakness on a square controlled by the
enemy bishop. In spite of material equality and of the presence of
opposite-colored bishops, White's situation is critical. In the long run the
e5-pawn will be impossible to save. True, for the time being White will manage
to defend it by means of some intermediate moves. Die chronische Schwäche
eines Feldes, dass vom feindlichen Läufer kontrolliert wird. Trotz des
materiellen Gleichgewichts und des Vorhandenseins ungleichfarbiger Läufer ist
die weiße Lage kritisch. Langfristig wird der Bauer e5 nicht zu retten sein,
auch wenn Weiß ihn für den Moment mittels einiger Zwischenzüge verteidigen
kann.} Rc5 {[%cal Yc5e5]} 24. Rd4 {[%cal Yd4b4]} a5 25. Bd3 {[%cal Yd4h4,Rf1e1]
} Bd8 26. Re1 Bc7 {[%cal Rc5e5,Rc7e5]} 27. Rc4 $1 Rxc4 $1 {Black is in no
hurry. He relies on his long term advantage and aims to win the central pawn
without making any significant concession. Schwarz hat keine Eile. Er verlässt
sich auf seinen langfristigen Vorteil und trachtet danach, den Zentrumsbauern
zu gewinnen, ohne irgendein bedeutsames Zugeständnis zu machen.} (27... Rxe5
28. Rxe5 Bxe5 29. Rc5 Bxb2 30. Rxa5 {[%cal Ya5b5,Ra4a8,Yd3e4,Ye4a8] would give
White counterplay. würde Weiß Gegenspiel einräumen.}) 28. Bxc4 Rd8 29. g3 Rd2
30. Bb3 Kf8 {[%csl Rd7,Rd8,Rf7][%cal Yf8e7] The king is heading for e7, in
order to restrict an eventual white counterplay. Der König strebt nach e7, um
ein eventuelles weißes Gegenspiel zu ersticken.} 31. Re4 Ke7 32. Rc4 Kd7 (32...
Bxe5 33. Rc5 Bxb2 34. Rxa5 $132 {[%cal Ya5b5,Ra4a8]}) 33. Rf4 $6 {[%cal Rc7f4]
A careless move, simplifying Black's task. Eine Unachtsamkeit, die die
schwarze Aufgabe vereinfacht.} (33. Re4 h5 {[%csl Rg2][%cal Yg6g4,Yc7b6,Yd2d1,
Yd1g1,Rh1g2]} 34. h3 {[%csl Rg3]} Bb6 $17 {[%csl Yb2,Ye5][%cal Rb6d4]}) 33...
f5 $1 {Now White is deprived of the e4-square as well as of the counterplay
against the backward f7-pawn. Nun ist Weiß des Feldes e4 beraubt und hat auch
kein Gegenspiel mehr gegen den rückständigen Bauern f7.} 34. Rc4 Bb6 35. Rf4
Bd4 {Possibly slightly premature, although it is difficult to refrain from
such a move. Vielleicht etwas verfrüht, obwohl es schwierig ist, einem solchen
Zug zu widerstehen.} (35... h5 $5) (35... g5 36. Rc4 g4 {[%csl Rg2][%cal Yd2d1,
Rh1g2,Yd1g1]} 37. h3 $8 h5 $19 {[%csl Rg3][%cal Rb6d4,Rd4e5,Re5g3]}) 36. c3
Bxe5 (36... bxc3 37. bxc3 Bxc3 38. Rc4 Bxe5 39. Rc5 {would have offered some
shadow of counterplay. hätte den Schatten eines Gegenspiels gestattet.}) 37.
Rf3 Bd6 $6 (37... bxc3 $142 38. bxc3 Bd6 $19) 38. Re3 e5 39. cxb4 axb4 {
[%cal Ya4a8] Black is surely winning here, too, but he has to permanently
consider the possible advance of the a-pawn. Auch hier steht Schwarz
sicherlich auf Gewinn, muss aber ständig das möglich Vorrücken des a-Bauern im
Auge behalten.} 40. Bg8 Ke7 41. b3 (41. Bxh7 Kf7 {[%csl Yh7][%cal Rf7g7]})
41... h5 42. Bc4 e4 43. Re2 Rd1+ 44. Kg2 Bc5 45. h4 Kf6 46. Rc2 Bd4 47. Be2
Rg1+ 48. Kh2 Rb1 49. Bc4 g5 50. hxg5+ Kxg5 51. Be6 Kg4 52. Re2 Kf3 53. Rg2 h4
$1 54. Bf7 (54. gxh4 Be5+ 55. Kh3 Rh1+ $19) 54... Be5 55. Bh5+ Ke3 56. Re2+ Kd3
57. Kg2 hxg3 58. Ra2 (58. Ra2 f4 $19 {[%cal Yf4f3,Yb1b3]}) 0-1

[Event "Bundesliga 1314"]
[Site "Germany"]
[Date "2014.02.22"]
[Round "9.2"]
[White "Areshchenko, Alexander"]
[Black "Negi, Parimarjan"]
[Result "1-0"]
[WhiteElo "2714"]
[BlackElo "2671"]
[Annotator "Meyer,CD"]
[PlyCount "109"]
[EventDate "2013.10.12"]
[EventType "team-tourn"]
[EventRounds "15"]
[EventCountry "GER"]
[SourceTitle "CBM 159"]
[Source "ChessBase"]
[SourceDate "2014.03.17"]
[SourceVersion "1"]
[SourceVersionDate "2014.03.17"]
[SourceQuality "1"]
[WhiteTeam "Werder Bremen"]
[BlackTeam "Katernberg"]
[WhiteTeamCountry "GER"]
[BlackTeamCountry "GER"]

1. e4 c5 2. Nf3 e6 3. d4 cxd4 4. Nxd4 Nc6 5. Nc3 Qc7 6. Be2 Nf6 7. O-O Be7 8.
Be3 O-O 9. f4 d6 10. Kh1 (10. Qe1 Nxd4 11. Bxd4 e5 $1) 10... Nxd4 11. Qxd4 (11.
Bxd4 e5 {(=)}) 11... a6 {Mit diesem Randbauernzug, "der die Scheveninger
Festung zusammenhält" (Tartakower), wählt Schwarz einen interessanten Übergang
vom Modernen zum Klassischen Scheveninger System.} 12. a4 {Nach Kh1 nun die
zweite Prophylaxe des Anziehenden, indes sollte Schwarz keine Probleme haben.}
Bd7 $5 {Ohne Furcht vor dem Vorstoß e4-e5} (12... e5 $143 {, z.B.} 13. Qd3 exf4
14. Bxf4 Be6 15. Qg3 Rfd8 16. Rad1 $14) 13. e5 Ne8 ({Ungenauer ist} 13... dxe5
$143 14. fxe5 {mit diversen Linien- bzw. Diagonalöffnungen, wenngleich nach}
Ne8 {für Weiß nur ein kleiner Vorteil herausspringt:} 15. Bd3 $5 (15. Rf3 Rc8
16. Rh3 f5 $1 $13 {/=} (16... Qc5 $4 17. Qd3 $18)) (15. Rad1 Bc6 {/\Rd8=})
15... Bc6 16. a5 Rc8 17. Qf4 (17. Bf2 $143 f5 18. exf6 Nxf6) 17... f6 (17... f5
$6 18. Bb6) 18. Qh4 f5 19. Qg3 g6 (19... Bb4 20. Ne2 g6 (20... Bxa5 21. Bc4 $1
$14 Bxg2+ (21... Bd5 $4 22. Bxd5 exd5 23. Nd4 $18) 22. Qxg2 Qxc4 23. Rxa5 Qb4
24. Raa1 Rxc2 25. Rac1 Qxb2 26. Rxc2 Qxc2 27. Nd4 $14) 21. Nd4 $14) 20. Bb6 Qb8
21. Ne2 {/\Nd4+/=}) 14. Bf3 ({Keinesfalls besser erscheinen z.B.: I} 14. Rfd1
$143 Bc6 15. a5 dxe5 16. fxe5 Rd8 17. Qf4 Rxd1+ 18. Bxd1 f6 19. Bg4 f5 $15 {
Kryvoruchko,Y (2678) - Negi,P, (2643), Tromso 2013}) ({II} 14. Bd3 Bc6 15. Ne4
(15. a5 Rd8 16. Qc4 Rc8 $11) 15... Rd8 16. Qc3 dxe5 $1 (16... f5 $6 17. exf6
Nxf6 18. Ng5 Qc8 19. Qb3 d5 20. Bd4 (20. Bb6 $142 Rde8 21. Bd4 $14) 20... h6
21. Nf3 Ne4 $13 {Rublevsky,S (2695) - Smirnov,P, (2641), Rhodes 2013}) 17. fxe5
f5 18. exf6 (18. Nc5 $2 Bd5) 18... Nxf6 $15) 14... Bc6 15. Ne4 (15. Qb6 Bxf3
16. Rxf3 Rc8 17. a5 Qc6 $11 {Karjakin,S (2775) - Morozevich, A (2748),
Tashkent 2012}) 15... Bd5 $5 $146 {Womöglich eine Neuerung, und keine
schlechte. Bei seiner flexiblen Eröffnungsbehandlung verfügt Schwarz offenbar
schon über diverse Ausgleichswege:} ({I} 15... f5 16. exf6 (16. Nxd6 Nxd6 17.
exd6 Bxd6 $11) 16... Nxf6 17. Ng5 Bxf3 18. Rxf3 Qd7 $11 {, remis, Sokolov,A 
(2588) - Potkin,V (2612), Germany 2007}) ({II} 15... Rc8 16. a5 dxe5 $142 (
16... Bxe4 17. Bxe4 d5 18. Bd3 Bc5 19. Qxc5 Qxc5 20. Bxc5 Rxc5 21. Ra4 (21. Ra3
$5 $14) 21... f6 (21... Nc7) 22. Rb4 fxe5 23. fxe5 Rxf1+ 24. Bxf1 Rxc2 25. Rxb7
$14 {, remis/52, Womacka,M (2442) - Sandipan,C (2590), Caleta 2013}) 17. fxe5
f5 $11 (17... f6 $11)) 16. b3 $5 {Provoziert Komplikationen, auf die Schwarz
aber gut verzichten kann.} (16. Rac1 dxe5 17. fxe5 Rd8 $11) 16... dxe5 ({
Ein Spiel mit dem Feuer ist} 16... Qxc2 $143 17. exd6 {, und nun:} Bf6 (17...
Nxd6 18. Rfc1 Bxe4 $5 (18... Qxb3 $4 19. Nd2 Bf6 (19... Nf5 20. Nxb3 Nxd4 21.
Nxd4 $18) 20. Nxb3 Bxd4 21. Nxd4 $18) 19. Rxc2 Bxc2 20. Qb6 Rac8 21. Bc5 Rfd8
22. h3 $5 $14) (17... Bxd6 $4 18. Rfc1 Qxb3 19. Nxd6 Nxd6 (19... Bxf3 20. Nxe8
Rfxe8 21. gxf3 $18) 20. Bd1 $1 $18 {mit Damenfang, so dass Schwarz sich nur
mittels Qualitätsverlust behelfen kann:} Nf5 21. Bxb3 Nxd4 22. Bxd5 Nf5 23.
Bxb7 Nxe3 ({oder} 23... Rab8 24. Bc5 Rxb7 25. Bxf8 Kxf8 26. Rc6 $18) 24. Bxa8
Rxa8 25. Rc6 $18 {jeweils mit weißer Gewinnstellung}) 18. Nxf6+ Nxf6 19. Bxd5
exd5 $5 $13 {/=} (19... Nxd5 $143 20. f5 $5 Nxe3 21. Qxe3 exf5 22. d7 $14)) 17.
fxe5 f6 ({Oder: I Es spricht wieder nichts gegen den Bauernraub} 17... Qxc2 {
, z.B.} 18. Rfc1 Qxb3 19. Rab1 (19. Rcb1 Qc2 20. Rc1 Qb3 21. Rcb1 $11) 19...
Qa3 20. Rc3 Qa2 21. Qd1 f5 22. Ra1 Qb2 23. Rb1 Qa2 $11 {, aber der befreiende
Partiezug ist auch völlig in Ordnung.}) ({II} 17... Rd8 18. c4 Bc6 19. Qc3 f6
$13 {/=}) 18. c4 $1 (18. exf6 Nxf6 19. Ng5 Bxf3 20. Rxf3 Qc6 $11 (20... Rad8 $5
21. Nxe6 Rxd4 22. Nxc7 Re4 $1)) 18... fxe5 ({Oder auch} 18... Bc6 {mit nur
minimalem weißem Plus aufgrund des isolierten Bauern e6, z.B.} 19. exf6 Nxf6
20. Ng5 Bxf3 21. Rxf3 (21. Nxf3 Rad8) 21... Qc6) 19. Qd3 Bc6 20. Bg4 Nf6 $6 ({
Doch hier war es zweifellos besser, den Ne4 zu liquidieren:} 20... Bxe4 $142
21. Bxe6+ Kh8 $14 {/=, z.B.:} 22. Qxe4 (22. Rxf8+ Bxf8 23. Qxe4 Nf6 24. Qh4 Bc5
25. Bg5 Rf8 26. Bf5 (26. Rf1 Qd6 27. Bf5 h6) 26... h6 27. Rd1 Nh7) 22... Nf6
23. Qf3 Rad8 24. Qh3 h6 25. Bf5 Bc5 26. Rae1 Bb4 27. Re2 Bc5 28. Ree1 Bb4 29.
Rd1 Rxd1 30. Rxd1 Bc5) 21. Ng5 $1 {Damit beginnen die weißen
Angriffsbemühungen bedrohlich anzuwachsen.} e4 (21... Bb4 22. Bxe6+ Kh8 23. Bf5
Qd6 $5 24. Qxd6 (24. Bxh7 $143 Ng4 25. Bg1 Qh6) (24. Qe2 h6 25. Nf3 Rad8 26.
Rad1 Qe7 27. Nh4 Be8 28. Rxd8 Qxd8 29. Rd1 $14) 24... Bxd6 25. Rad1 $14) 22.
Bxe6+ Kh8 23. Qc3 $1 (23. Qe2 $5 {ist auch nicht übel:} Bd6 (23... Be8 24. Bd4)
24. Bf5) 23... Be8 ({I} 23... h6 $2 {ignoriert den Huftritt des Schimmels:} 24.
Nf7+ Rxf7 (24... Kh7 $2 25. Bf4 $1 Qb6 26. Bf5+ g6 (26... Kg8 27. Nxh6+ Kh8 28.
Qh3 $18) 27. Qh3 $18 Ng8 28. Bxh6 Rxf7 29. Be6 Rxf1+ 30. Rxf1 Nxh6 31. Rf7+ Kg8
32. Qxh6) 25. Bxf7 $16) ({II} 23... Rad8 24. Bd4 $1 $16) 24. Bd4 $5 ({
Ebenfalls in Betracht kommen: I} 24. Bh3 Bd7 25. Bd4 $14) ({II} 24. Bf4 Qc6 25.
Be5 $14 Bg6 (25... Rd8)) 24... Qc6 $2 {In die Defensive gedrängt (Drohungen
Nxe4 und Bf5) begeht der Verteidiger einen schweren Fehler, wonach der
Angriffsdruck immer stärker wird. Alternativen:} ({I} 24... Bg6 $2 25. Bh3 $1
$16 {, z.B.} Qc6 (25... Qd6 26. Ne6 Rf7 27. Rad1 Qc6 28. Rd2 Kg8 29. Rdf2 $40 {
(+-)}) 26. Ne6 Rf7 27. Rf2 Re8 28. Raf1 $40 {(+-)}) ({II} 24... h6 $8 {! Jetzt
war die Befragung des lästigen Springers vonnöten, und es ist unklar, ob der
Angreifer etwas Gravierendes erreicht. Man sehe:} 25. Nh3 $14 (25. Qh3 Rd8 26.
Bd5 Bd7 27. Qh4 e3 $13 {[} 28. Bxe3 $4 (28. Ne4 Bc6) 28... Nxd5 29. cxd5 Qc3 $1
$19 {]}) (25. Be5 Qc5 $1 (25... Qc6 $2 26. Qh3 Rd8 27. Bd5 $40 {+/-} Rxd5 (
27... Nxd5 28. Bxg7+ Kg8 (28... Kxg7 29. Ne6+ Kh7 30. Rxf8 Bxf8 31. Nxf8+ Kg8
32. Ne6 Rd7 33. cxd5 Qxd5 34. Qg4+ $18)) 28. cxd5 Qxd5 29. Qe6 Qxe6 30. Nxe6
Rf7 31. Rae1 Kg8 32. Bxf6 Bxf6 33. Rxe4 Bc6 34. Ree1 Bd5 35. Re3 Rd7 36. Nf4
$16) 26. Nh3 Rd8 27. Nf4 e3 $1 $132 {~~ Das angebliche Sorgenkind entpuppt
sich hier als Sperrspitze des Widerstandes.} 28. b4 (28. Rae1 Ne4) (28. Bd5
Nxd5 29. Nxd5 Rxf1+ 30. Rxf1 e2 31. Bxg7+ Kg8 32. Re1 Rxd5 33. cxd5 Qf2 34. Bd4
Qf1+ 35. Bg1 Bh4 36. Qe5 $1 $11 (36. g3 $2 Bf6 $1 37. Qe3 Bf7 $19 (37... Bh5
$19))) 28... Qxb4 29. Qxe3 Qc5) (25. Rae1 hxg5 26. Qh3+ Nh5 27. Bg4 Rxf1+ 28.
Rxf1 Qd6 29. Bxh5 Qh6 30. Bxe8 Qxh3 31. gxh3 Rxe8 32. Rf7 Bf6 $1 33. Bxf6 gxf6
34. Kg1 Re6 35. Rxb7 f5 $13 {/=})) 25. Bf5 $1 $40 {+- Überlastung! Nun vermag
Schwarz die drohenden Einschläge auf h7 oder den Springereinfall auf e6 nicht
gleichzeitig zu parieren.} Bd7 ({I} 25... Rd8 26. Ne6 $18) ({II} 25... h6 26.
Ne6 Rf7 27. Qh3 Bd7 (27... a5 28. Rae1 Kg8 29. Bxf6 Rxf6 30. Qg4 g6 (30... Bf8
31. Bxe4 $18) 31. Bxe4 $18) 28. Nxg7 Kxg7 29. Bxd7 $18) ({III} 25... g6 {
schwächt die Diagonale gen h8:} 26. Be6 $1 Kg7 27. Rxf6 $18 Bxf6 (27... Rxf6
28. Rf1) 28. Bxf6+ Rxf6 29. Rf1) 26. Qh3 $1 {Eine normale und starke
Angriffsfortsetzung, indes bevorzugt mein "Silikon-Scharfrichter" eindeutig
die sofortige Exekution mittels} (26. Nxh7 $142 $3 {, und nun:} Nxh7 27. Bxg7+
Kg8 28. Bh8 Bf6 (28... Qh6 $2 29. Bxd7 $18 Nf6 30. Qe5 Kxh8 (30... Nxd7 31.
Qxe7 Kxh8 32. Qxd7) 31. Qxe7 $18) 29. Bxf6 Nxf6 30. Qg3+ Kf7 (30... Kh8 31.
Qh4+ Kg8 32. Qg5+ Kf7 33. Bxd7 $18) 31. Bg6+ $1 Ke7 32. Rad1 $1 $18 {, wonach
die Lichter im schwarzen Lager endgültig ausgeknipst werden:} Be6 (32... b6 33.
Bxe4 Nxe4 (33... Qxe4 34. Qg7+ Rf7 (34... Ke8 35. Rde1) (34... Kd8 35. Rxf6)
35. Rxd7+) 34. Qg7+ Ke6 35. Rxf8 Rxf8 36. Qxf8) 33. Qg5 Bg4 (33... e3) 34. Bxe4
Rg8 (34... Qxe4 35. Rde1 Be2 36. Rf2) 35. Qf4 Qe6 36. Bd5 Nxd5 37. cxd5) 26...
Bxf5 (26... h6 $2 27. Bxd7 Nxd7 (27... Qxd7 28. Rxf6) 28. Ne6 $18) 27. Qxf5 Qd7
(27... Qc8 28. Ne6 $18 Rf7 (28... Re8 29. Nxg7) 29. g4 $1 h6 30. g5 hxg5 31.
Nxg5 Rf8 32. Qg6 Qe8 33. Rxf6) 28. Qxd7 $5 ({Hier aber hätte unser
ukrainischer Angriffskünstler energischer seinem Schimmel die Sporen geben
können:} 28. Ne6 $142 $1 {mit durchschlagender Wirkung:} Rfe8 (28... Rf7 29.
Rad1 Qc8 30. Rde1 (30. Nxg7 Kxg7 (30... Rxg7 31. Bxf6 Bxf6 32. Qxf6 Qc7 (32...
Qg4 33. Rd8+ Rxd8 34. Qxd8+ Rg8 35. Qd4+ Qg7 (35... Rg7 36. Rf8#) 36. Qxe4 $18)
33. Rd5 Qe7 34. Qd4 e3 35. Re5 Rf8 36. Rxf8+ Qxf8 37. Qxe3 Qf1+ 38. Qg1 $18)
31. Qg5+ Kf8 32. Bxf6 $18) 30... Kg8 31. Rxe4 $18 Qd7 32. Rh4) 29. Rad1 Bf8 30.
Nxg7 Bxg7 31. Qxd7 Nxd7 32. Bxg7+ Kxg7 33. Rxd7+ Kg6 34. Rxb7 {und Weiß
gewinnt, z.B.} Rab8 (34... e3 35. Rb6+ $1 Kg5 (35... Kg7 36. Re1) 36. Kg1 Re5
37. a5 Rxa5 38. Re6 $18) 35. Rxb8 Rxb8 36. c5 Rxb3 (36... e3 37. Kg1 Rxb3 38.
Rc1 Rb7 39. c6 Rc7 40. Kf1 $18) 37. Rc1 Rb7 38. c6 Rc7 39. Kg1 Kf6 40. Kf2 Ke5
41. Ke3 Kd6 42. g4 {usw. +-}) 28... Nxd7 29. Nxe4 $16 {Nach dieser Abwicklung
ins Endspiel begnügt sich Weiß mit einem gesunden Mehrbauern und richtet sich
geduldig auf die Verwertung desselben ein.} Rae8 30. g3 Kg8 31. Kg2 Bb4 32.
Rxf8+ Nxf8 33. Kf3 Rd8 34. Ke3 Ne6 35. Bb6 Rd7 36. Rf1 h6 37. Rf5 Rd1 38. Rd5
Rb1 39. Rd3 Kf8 40. h4 h5 41. Ke2 Ke7 42. Be3 a5 43. Nc3 $5 Bxc3 44. Rxc3 Kd6
45. Rd3+ Kc6 46. Kf3 g6 47. Ke4 Re1 48. Rd5 b6 49. Kf3 Rf1+ 50. Ke2 {Die
letzte schwierige Phase. Schwarz kann noch zähen Widerstand leisten, und es
ist die Frage, wie Weiß seinen Vorteil verdichten kann.} Rf5 $2 {Das macht es
dem Gegner sehr leicht, während die Alternative} (50... Rb1 $5 {noch
technische Anforderungen stellt:} 51. Re5 $1 ({Das verführerische} 51. Rb5 $2 {
vergibt möglicherweise den Gewinn. Man sehe:} Nc5 52. Bxc5 bxc5 $16 53. Ke3 Rc1
54. Kf4 Rc3 55. g4 hxg4 56. Kxg4 Kd6 57. Kg5 Rg3+ 58. Kh6 Kc6 59. Rxa5 Rg4 60.
Rb5 Rxh4+ 61. Kxg6 Rf4 $1 {Schwarz hält den weißen König abgesperrt und
attackiert bei Bedarf den gegnerischen a- oder b-Bauern. Ich sehe für Weiß
keinen Fortschritt. Es könnte weiter folgen:} 62. a5 Rf1 63. Kg5 Rf2 64. Kg4
Rf1 65. Kg3 Rf8 66. Rb6+ Kc7 67. Rg6 Rb8 68. Rb6 Rf8 {usw. (=)}) 51... Nc5 52.
Rg5 Rxb3 53. Rxg6+ Kb7 54. g4 $1 hxg4 55. h5 {Mit diesem Bauerndurchbruch ist
Weiß schneller am Ziel:} Rb2+ 56. Kf1 Rb3 57. Bxc5 (57. Kf2 $4 Ne4+ 58. Ke2
Ng3+) 57... bxc5 58. Rxg4 Rh3 59. Rg7+ Kb6 60. Rg6+ Kc7 61. h6 $18 {und Weiß
gewinnt in jedem Fall:} Rh4 62. Kf2 Rxc4 ({oder} 62... Kd7 63. Kg3 Rh1 64. Kg4
Ke7 65. Ra6 Kf7 66. h7 Kg7 67. Rxa5 $18) 63. Kg3 Rc1 64. Rg4 Rb1 65. Rh4 Rb8
66. h7 Rh8 67. Kf4 Kd6 68. Rh5 Ke6 69. Kg5 Kd5 (69... Kf7 70. Kh6) 70. Kf6+ Kc4
71. Kg7 Re8 72. h8=Q Rxh8 73. Rxh8 Kb3 74. Kf6 c4 75. Ke5 c3 76. Rc8 c2 77. Kd4
Kb2 78. Rxc2+ Kxc2 79. Kc4 $18) 51. Rb5 $1 $18 {Forciert weitere
Vereinfachungen bis hin zu einem elementar gewonnenen Bauernendspiel.} Nc5 52.
Bxc5 Rxc5 (52... bxc5 53. Rxa5) 53. Ke3 Rxb5 (53... Kc7 54. Rxc5+ bxc5 55. Kf4)
54. cxb5+ Kd5 55. Kd3 1-0